000
00324 a2200157 4500
001
174704
020
_a
040
_c
Magnum
100
_a
Góes, Lúcia Pimentel
240
1
0
_a
Os animais do sitio
_l
por
245
1
0
_a
Os animais do sitio
362
0
_a
1899
440
1
_a
Scipione
697
_a
I/ANIMAIS
942
_c
BK
999
_c
174704
_d
174704